I Dare You to get 100% on This Quiz! Stats

 Plays Quiz not verified by Sporcle

Score 0/20 Timer 05:00
0 Plays Today
Hint Answer % Correct
The words ‘marionette’ and ‘puppet’ were merged by Jim Henson to create this now-famous term known by children and adults alike Muppet
73.4%
A term for animal excrement high in phosphorous and nitrogen, often applied to batsGuano
48.7%
A Roman emperor whose namesake wall separated Britain from the tribes of ScotlandHadrian
47.4%
An instrument in the Percussion family, once known as a pianofortepiano
45.6%
A fictional Caribbean island, the picturesque title destination of a Beach Boys song, first featured in the Tom Cruise film, CocktailKokomo
44.5%
Movie with tagline 'A lot can happen between Thursday and Saturday!'Friday
42%
Landmass first theorized by Ptolemy, though the first landing didn't occur until 1821Antarctica
41.7%
A disastrous charge of British cavalry against Russian forces during the Crimean War, inspiring a Tennyson poem and a 1936 movie. The Charge of the Light Brigade
38.5%
Name given to the Hawaiian islands by James Cook to honor a certain EarlSandwich Islands
29.4%
A legendary creature of the Jewish tradition; a clay one is said to reside in the Czech city of PragueGolem
28.8%
Hint Answer % Correct
Chiefly Mexican mountain range featured in a Humphrey Bogart movie where you 'don't need no stinkin' badges'Sierra Madre
28%
Clear, amorphous solid with chemical composition SiO2, often said to become less viscous over timeGlass
26.6%
Antiquated name for tungsten (chemical symbol W) that dates from the 14th centuryWolfram
21.8%
Nabataean stronghold carved into a cliff face at Arabah, Jordan; featured in Indiana Jones and the Last CrusadePetra
16.2%
A Sufi order from Turkey so named because of the whirling dances they perform to praise AllahWhirling Dervishes
15.2%
The ship found drifting off of Portugal in 1872, mysteriously bereft of all her passengersthe Mary Celeste
13.9%
The fourth longest river in Europe, it flows through Russia, Belarus, and the Ukraine before emptying in the Black SeaThe Dnieper
9%
Floating fortress from the novel Gulliver's Travels; name translates to 'The ****'Laputa
7%
Common name for weather system flowing from the Hawaiian Islands to the Pacific coast of North AmericaPineapple Express
4.4%
Owner of a weapon with names such as the Holy Lance and the Spear of DestinyLonginus
3.1%

You're not logged in!

Compare scores with friends on all Sporcle quizzes.
OR
Log In

You Might Also Like...

Show Comments

Extras

Created Oct 26, 2009ReportNominate
Tags:100, dare, hard, never, thought

Top Quizzes Today


Score Distribution

Your Account Isn't Verified!

In order to create a playlist on Sporcle, you need to verify the email address you used during registration. Go to your Sporcle Settings to finish the process.

Report this User

Report this user for behavior that violates our Community Guidelines.

Details: